[Event "Backa Topola-ch"]
[Site "Backa Topola"]
[Date "2012.11.21"]
[Round "2"]
[White "Miklos, Adel"]
[Black "Foldi, Sandor"]
[Result "0-1"]
[WhiteElo "1579"]
[BlackElo "1795"]
[PlyCount "120"]
[EventDate "2012.11.19"]
[EventType "swiss"]
[EventRounds "9"]
[EventCountry "SRB"]
[SourceTitle "EXT 2014"]
[Source "ChessBase"]
[SourceDate "2013.11.20"]
[SourceVersion "1"]
[SourceVersionDate "2013.11.20"]
[SourceQuality "1"]

1. e4 e5 2. Bc4 Nf6 3. Nc3 Bc5 4. d3 h6 5. h3 d6 6. Nf3 0-0 7. 0-0 Nc6 8. a3 Be6 9. Nd5 Bxd5 10. exd5 Ne7 11. d4 exd4 12. Nxd4 Qc8 13. b4 Bxd4 14. Qxd4 Qf5 15. Bd3 Qxd5 16. Qxd5 Nexd5 17. c4 Nb6 18. Re1 Rfe8 19. Rxe8+ Rxe8 20. Be3 Nbd7 21. c5 d5 22. c6 bxc6 23. Bxa7 Ne5 24. Be2 Ne4 25. Bd4 Nd2 26. Ra2 Ndc4 27. Bxc4 Nxc4 28. a4 Re4 29. Bc5 Nb6 30. a5 Nd7 31. a6 Re8 32. a7 Ra8 33. Bd4 Nb6 34. Ra6 f6 35. Kf1 Kf7 36. Ke2 Ke7 37. Bxb6 cxb6 38. Rxb6 Rxa7 39. Rxc6 Rb7 40. Rc5 Kd6 41. Ra5 Ke5 42. b5 Kd4 43. Kd2 Kc4 44. Kc2 Kb4 45. Ra2 Kxb5 46. Rb2+ Kc6 47. Rxb7 Kxb7 48. Kd3 Kc6 49. Kd4 Kd6 50. f4 g5 51. fxg5 fxg5 52. Kd3 Ke5 53. Ke3 d4+ 54. Kf3 Kf5 55. g3 h5 56. g4+ hxg4+ 57. hxg4+ Ke5 58. Kg3 Ke4 59. Kf2 Kf4 60. Ke2 Kxg4 0-1

[Event "Backa Topola-ch"]
[Site "Backa Topola"]
[Date "2012.11.19"]
[Round "1"]
[White "Foldi, Sandor"]
[Black "Halasi, Jozsef"]
[Result "0-1"]
[WhiteElo "1795"]
[BlackElo "2146"]
[PlyCount "78"]
[EventDate "2012.11.19"]
[EventType "swiss"]
[EventRounds "9"]
[EventCountry "SRB"]
[SourceTitle "EXT 2014"]
[Source "ChessBase"]
[SourceDate "2013.11.20"]
[SourceVersion "1"]
[SourceVersionDate "2013.11.20"]
[SourceQuality "1"]

1. e4 d6 2. d4 Nf6 3. Nc3 g6 4. Nf3 Bg7 5. Be2 Nbd7 6. 0-0 e5 7. dxe5 dxe5 8. Bg5 h6 9. Be3 0-0 10. h3 c6 11. Qd2 Kh7 12. Rfd1 Qe7 13. Qd6 Re8 14. Rd2 Nh5 15. Nh2 Nf4 16. Bg4 Ne6 17. Rad1 Nd4 18. Qxe7 Rxe7 19. Ne2 f5 20. exf5 Nxf5 21. Nf3 Nxe3 22. fxe3 Nb6 23. Bxc8 Rxc8 24. b3 e4 25. Nh2 Nd5 26. Nf1 Bc3 27. Nxc3 Nxc3 28. Rd7 Rc7 29. Rxc7 Rxc7 30. Ra1 Rf7 31. Ng3 Rd7 32. Nf1 a5 33. a4 Kg7 34. Kf2 Kf6 35. Ke1 Rd5 36. Nd2 Rg5 37. Kf2 Rd5 38. Ke1 Kg5 39. g3 Kf6 0-1

[Event "Subotica-ch"]
[Site "Subotica"]
[Date "2012.05.09"]
[Round "2"]
[White "Kosa, Jeno"]
[Black "Foldi, Sandor"]
[Result "1-0"]
[WhiteElo "2097"]
[BlackElo "1798"]
[PlyCount "31"]
[EventDate "2012.05.07"]
[EventType "swiss"]
[EventRounds "9"]
[EventCountry "SRB"]
[SourceTitle "CBM 148 Extra"]
[Source "ChessBase"]
[SourceDate "2012.06.22"]
[SourceVersion "1"]
[SourceVersionDate "2012.06.22"]
[SourceQuality "1"]

1. d4 Nf6 2. c4 g6 3. Nf3 Bg7 4. Nc3 0-0 5. Bf4 d6 6. e3 Nbd7 7. Be2 Re8 8. 0-0 Nh5 9. Bg5 Bf6 10. Ne4 Bxg5 11. Nfxg5 Nhf6 12. Nxf7 Kxf7 13. Ng5+ Kg8 14. Ne6 Nb6 15. Nxd8 Rxd8 16. Rc1 1-0

[Event "Backa Topola-ch"]
[Site "Backa Topola"]
[Date "2011.11.28"]
[Round "8"]
[White "Foldi, Sandor"]
[Black "Juhasz, Jeno"]
[Result "0-1"]
[WhiteElo "1782"]
[BlackElo "1963"]
[PlyCount "28"]
[EventDate "2011.11.11"]
[EventType "swiss"]
[EventRounds "9"]
[EventCountry "SRB"]
[SourceTitle "CBM 145 Extra"]
[Source "ChessBase"]
[SourceDate "2012.01.03"]
[SourceVersion "1"]
[SourceVersionDate "2012.01.03"]
[SourceQuality "1"]

1. e4 d5 2. exd5 Qxd5 3. Nc3 Qa5 4. d4 Nf6 5. Nf3 Bg4 6. Be2 e6 7. 0-0 c6 8. Ne5 Bf5 9. Bd3 Bg6 10. Re1 Be7 11. Bxg6 hxg6 12. Qe2 Qc7 13. Bg5 Nbd7 14. Nxf7 Qxh2+ 0-1

[Event "Backa Topola-ch"]
[Site "Backa Topola"]
[Date "2011.11.23"]
[Round "6"]
[White "Janjusevic, Branislav"]
[Black "Foldi, Sandor"]
[Result "1-0"]
[WhiteElo "1941"]
[BlackElo "1782"]
[PlyCount "58"]
[EventDate "2011.11.11"]
[EventType "swiss"]
[EventRounds "9"]
[EventCountry "SRB"]
[SourceTitle "CBM 145 Extra"]
[Source "ChessBase"]
[SourceDate "2012.01.03"]
[SourceVersion "1"]
[SourceVersionDate "2012.01.03"]
[SourceQuality "1"]

1. e4 e5 2. Nf3 Nc6 3. d4 exd4 4. Bc4 Nf6 5. 0-0 d6 6. Nxd4 Nxd4 7. Qxd4 Be7 8. Nc3 0-0 9. h3 Nd7 10. Be3 Bf6 11. Qd2 Nb6 12. Bd3 Be6 13. Qe2 Bxc3 14. bxc3 Na4 15. Qe1 b6 16. f4 f5 17. Qg3 c5 18. Bd2 fxe4 19. Bxe4 d5 20. Bd3 Bf5 21. Rae1 d4 22. Bxf5 Rxf5 23. cxd4 Qxd4+ 24. Be3 Qf6 25. Bc1 Nc3 26. Kh1 Nxa2 27. Bd2 Rd8 28. Re2 Rd4 29. Qb3+ Qf7 1-0

[Event "Backa Topola-ch"]
[Site "Backa Topola"]
[Date "2011.11.14"]
[Round "2"]
[White "Foldi, Sandor"]
[Black "Manojlovic, Sava"]
[Result "0-1"]
[WhiteElo "1782"]
[BlackElo "2068"]
[PlyCount "98"]
[EventDate "2011.11.11"]
[EventType "swiss"]
[EventRounds "9"]
[EventCountry "SRB"]
[SourceTitle "CBM 145 Extra"]
[Source "ChessBase"]
[SourceDate "2012.01.03"]
[SourceVersion "1"]
[SourceVersionDate "2012.01.03"]
[SourceQuality "1"]

1. e4 c5 2. Nf3 e6 3. d4 cxd4 4. Nxd4 a6 5. Nc3 b5 6. a3 Bb7 7. Be2 d6 8. 0-0 Nf6 9. Bf3 Nbd7 10. Re1 Ne5 11. Bf4 Rc8 12. Nb3 Qc7 13. Bxe5 dxe5 14. Re3 Be7 15. Rd3 0-0 16. Qe2 Bc6 17. Na2 a5 18. Qe1 Ra8 19. c3 Qb7 20. Nd2 Rfd8 21. Rxd8+ Rxd8 22. Rc1 Nd7 23. b4 Ra8 24. Rc2 axb4 25. axb4 Ra4 26. Nc1 Qa8 27. Ncb3 Bd8 28. Rc1 Bb6 29. Ra1 Ra7 30. Rxa7 Qxa7 31. Qa1 Bxf2+ 32. Kf1 Qxa1+ 33. Nxa1 Be3 34. Ke2 Bg1 35. h3 Kf8 36. Nab3 Nb6 37. Na5 Be8 38. c4 bxc4 39. Ndxc4 Bb5 40. Kd3 Ke7 41. Kc3 Bd4+ 42. Kb3 Nd7 43. Na3 Bd3 44. N3c4 Nb6 45. b5 Kd7 46. Kb4 Kc7 47. Nb3 Nd7 48. Nxd4 exd4 49. e5 f6 0-1

[Event "Battle of Senta op-B 15th"]
[Site "Senta"]
[Date "2011.07.16"]
[Round "1"]
[White "Foldi, Sandor"]
[Black "Stosic, Slobodan"]
[Result "0-1"]
[WhiteElo "1804"]
[BlackElo "2154"]
[PlyCount "54"]
[EventDate "2011.07.16"]
[EventType "swiss"]
[EventRounds "9"]
[EventCountry "SRB"]
[SourceTitle "EXT 2019"]
[Source "ChessBase"]
[SourceDate "2018.10.10"]
[SourceVersion "1"]
[SourceVersionDate "2018.10.10"]
[SourceQuality "1"]

1. e4 c5 2. Nf3 Nc6 3. d4 cxd4 4. Nxd4 Nf6 5. Nc3 e5 6. Ndb5 d6 7. Bg5 a6 8. Na3 b5 9. Nd5 Be7 10. Nxe7 Nxe7 11. Bxf6 gxf6 12. Bd3 f5 13. exf5 d5 14. c3 Qb6 15. Nc2 Bb7 16. f3 0-0-0 17. Qe2 e4 18. fxe4 dxe4 19. Bxe4 Bxe4 20. Qxe4 Rhe8 21. Kf1 Nc6 22. Qf4 b4 23. Qc4 Re5 24. g4 bxc3 25. bxc3 Rc5 26. Qb4 Rb5 27. Qc4 Rd2 0-1

[Event "Subotica-ch"]
[Site "Subotica"]
[Date "2011.03.07"]
[Round "7"]
[White "Foldi, Sandor"]
[Black "Fatyol, Istvan"]
[Result "1/2-1/2"]
[WhiteElo "1773"]
[BlackElo "2018"]
[PlyCount "102"]
[EventDate "2011.02.21"]
[EventType "swiss"]
[EventRounds "9"]
[EventCountry "SRB"]
[SourceTitle "CBM 141 Extra"]
[Source "ChessBase"]
[SourceDate "2011.05.03"]
[SourceVersion "1"]
[SourceVersionDate "2011.05.03"]
[SourceQuality "1"]

1. e4 c6 2. d4 d5 3. exd5 cxd5 4. Nf3 Nf6 5. h3 Nc6 6. Bd3 g6 7. c3 Bg7 8. 0-0 0-0 9. Bf4 Re8 10. Re1 Bd7 11. Nbd2 Qc8 12. Ne5 Bf5 13. Nxc6 bxc6 14. Nf3 Be4 15. Bxe4 Nxe4 16. Nd2 Qf5 17. Nxe4 Qxf4 18. Qd2 Qf5 19. Ng3 Qd7 20. f4 h5 21. Qf2 e6 22. Nf1 Rab8 23. Re2 Rb7 24. g4 hxg4 25. hxg4 Reb8 26. Rb1 c5 27. b3 cxd4 28. cxd4 Rb4 29. Rd1 Rc8 30. Ng3 Rc3 31. f5 exf5 32. gxf5 Rc6 33. Kh2 Qd8 34. fxg6 Rxg6 35. Nf5 Bf8 36. Rg1 Qf6 37. Nh6+ Kh7 38. Qxf6 Rxf6 39. Ng4 Rf4 40. Re5 Rxg4 41. Rxg4 Bd6 42. Kh3 Bxe5 43. dxe5 Rxg4 44. Kxg4 Kg6 45. Kf4 f5 46. e6 Kf6 47. e7 Kxe7 48. Kxf5 Kd6 49. b4 Kc6 50. a4 Kd6 51. Kf4 a6 1/2-1/2

[Event "Senta January op"]
[Site "Senta"]
[Date "2011.01.29"]
[Round "4"]
[White "Foldi, Sandor"]
[Black "Soklovacki, Mila"]
[Result "1-0"]
[WhiteElo "1773"]
[BlackElo "1526"]
[PlyCount "111"]
[EventDate "2011.01.21"]
[EventType "swiss"]
[EventRounds "9"]
[EventCountry "SRB"]
[SourceTitle "CBM 140 Extra"]
[Source "ChessBase"]
[SourceDate "2011.03.01"]
[SourceVersion "1"]
[SourceVersionDate "2011.03.01"]
[SourceQuality "1"]

1. e4 c5 2. Nf3 Nc6 3. d4 cxd4 4. Nxd4 Nf6 5. Nc3 e5 6. Ndb5 Bb4 7. Bg5 a6 8. Nd6+ Ke7 9. Nxc8+ Rxc8 10. Qd2 Kf8 11. Bxf6 Bxc3 12. Bxd8 Bxd2+ 13. Kxd2 Rxd8 14. c3 Ke7 15. Bc4 Rhf8 16. Rhf1 h6 17. Bd5 f6 18. Rad1 Rc8 19. Kc2 d6 20. Kd3 Kd7 21. g3 b5 22. f4 a5 23. f5 Ne7 24. Be6+ Kc7 25. Bxc8 Rxc8 26. Ke3 Rd8 27. Rd2 Nc8 28. a4 bxa4 29. Rd5 Nb6 30. Rdd1 Nc4+ 31. Ke2 Nxb2 32. Ra1 Rb8 33. Rfb1 Rb6 34. g4 Kc6 35. Ra2 Nc4 36. Rxb6+ Nxb6 37. h4 Kc5 38. Kd3 Kc6 39. Rg2 Kc5 40. g5 hxg5 41. hxg5 a3 42. Kc2 a4 43. gxf6 gxf6 44. Rg6 Nd7 45. Rg7 Kc6 46. Rf7 Kc7 47. Kb1 Kc6 48. Ka2 Nc5 49. Rxf6 Nxe4 50. Rf7 Nxc3+ 51. Kxa3 e4 52. f6 d5 53. Rc7+ Kd6 54. f7 Nb5+ 55. Kxa4 Nxc7 56. f8Q+ 1-0

[Event "Senta January op"]
[Site "Senta"]
[Date "2011.01.21"]
[Round "1"]
[White "Pacal, Mihaly"]
[Black "Foldi, Sandor"]
[Result "1-0"]
[WhiteElo "2132"]
[BlackElo "1773"]
[PlyCount "75"]
[EventDate "2011.01.21"]
[EventType "swiss"]
[EventRounds "9"]
[EventCountry "SRB"]
[SourceTitle "CBM 140 Extra"]
[Source "ChessBase"]
[SourceDate "2011.03.01"]
[SourceVersion "1"]
[SourceVersionDate "2011.03.01"]
[SourceQuality "1"]

1. e4 e5 2. d4 exd4 3. Qxd4 Nc6 4. Qe3 d6 5. Nc3 Nf6 6. Bd2 a6 7. f3 Be6 8. Nge2 Bc4 9. 0-0-0 Qd7 10. Nf4 Bxf1 11. Rhxf1 0-0-0 12. Ncd5 Be7 13. Bc3 Nxd5 14. exd5 Ne5 15. Nd3 Nxd3+ 16. Rxd3 Rhg8 17. Rd4 Bf6 18. Re4 Bxc3 19. Qxc3 Qb5 20. Rd1 Rde8 21. Qd4 Rxe4 22. Qxe4 g6 23. Re1 Qd7 24. Kd2 Qd8 25. Kd3 Qg5 26. f4 Qf6 27. c3 Kd7 28. g3 Qd8 29. Qa4+ Kc8 30. Re4 Qd7 31. Qd4 Re8 32. Qa7 Qd8 33. Qa8+ Kd7 34. Qxb7 Rxe4 35. Qc6+ Ke7 36. Kxe4 Qc8 37. Kf3 Kf8 38. b4 1-0

[Event "Backa Topola-ch"]
[Site "Backa Topola"]
[Date "2010.11.29"]
[Round "6"]
[White "Vadoc, Karolj"]
[Black "Foldi, Sandor"]
[Result "1-0"]
[WhiteElo "1974"]
[BlackElo "1769"]
[PlyCount "65"]
[EventDate "2010.11.17"]
[EventType "swiss"]
[EventRounds "9"]
[EventCountry "SRB"]
[SourceTitle "EXT 2019"]
[Source "ChessBase"]
[SourceDate "2018.10.10"]
[SourceVersion "1"]
[SourceVersionDate "2018.10.10"]
[SourceQuality "1"]

1. e4 e5 2. Nf3 Nc6 3. Bb5 a6 4. Ba4 Bc5 5. 0-0 b5 6. Bb3 Nf6 7. c3 0-0 8. d4 Bd6 9. Nbd2 Re8 10. Re1 Bb7 11. Bc2 exd4 12. cxd4 Bf4 13. e5 Nd5 14. Ne4 d6 15. Bxf4 Nxf4 16. Qd2 Nd5 17. exd6 cxd6 18. a3 Nf6 19. Qf4 Nxe4 20. Rxe4 Rxe4 21. Qxe4 g6 22. Qf4 Qd7 23. Ng5 Re8 24. Ne4 Rxe4 25. Qxe4 Nxd4 26. Qxd4 Qc6 27. f3 Qxc2 28. Re1 Qc6 29. Re7 Bc8 30. Qc3 Qb6+ 31. Kf1 Kf8 32. Rc7 Be6 33. Qh8# 1-0

[Event "Backa Topola-ch"]
[Site "Backa Topola"]
[Date "2010.11.17"]
[Round "1"]
[White "Pajzer, Istvan"]
[Black "Foldi, Sandor"]
[Result "1-0"]
[WhiteElo "2090"]
[BlackElo "1769"]
[PlyCount "39"]
[EventDate "2010.11.17"]
[EventType "swiss"]
[EventRounds "9"]
[EventCountry "SRB"]
[SourceTitle "EXT 2019"]
[Source "ChessBase"]
[SourceDate "2018.10.10"]
[SourceVersion "1"]
[SourceVersionDate "2018.10.10"]
[SourceQuality "1"]

1. e4 e5 2. Nf3 Nc6 3. Bb5 a6 4. Ba4 Bc5 5. 0-0 Nge7 6. c3 d5 7. exd5 Qxd5 8. d4 exd4 9. cxd4 Bb4 10. a3 Ba5 11. b4 Bb6 12. Nc3 Qc4 13. Ne2 Bf5 14. Ne5 Qe6 15. Bb3 Nd5 16. Nf4 Qd6 17. Bxd5 Bxd4 18. Nxf7 Qd7 19. Ra2 Rf8 20. Re2+ 1-0

[Event "Senta op-B 13th"]
[Site "Senta"]
[Date "2009.07.20"]
[Round "4"]
[White "Foldi, Sandor"]
[Black "Vucinic, Gojko"]
[Result "0-1"]
[WhiteElo "1773"]
[BlackElo "1937"]
[PlyCount "54"]
[EventDate "2009.07.18"]
[EventType "swiss"]
[EventRounds "9"]
[EventCountry "YUG"]
[SourceTitle "EXT 2012"]
[Source "ChessBase"]
[SourceDate "2011.11.24"]
[SourceVersion "1"]
[SourceVersionDate "2011.11.24"]
[SourceQuality "1"]

1. e4 c5 2. Nf3 d6 3. d4 cxd4 4. Nxd4 Nf6 5. Nc3 g6 6. Bd3 Bg7 7. 0-0 0-0 8. Bd2 Nxe4 9. Bxe4 Bxd4 10. Bh6 Bg7 11. Bxg7 Kxg7 12. Qf3 Nd7 13. Rfe1 Ne5 14. Qe3 a6 15. Rad1 Rb8 16. b3 Be6 17. h3 Qc8 18. Nd5 f5 19. Nb6 Qc7 20. Bd3 f4 21. Qd4 f3 22. g4 h5 23. Rxe5 dxe5 24. Qe4 Rf6 25. gxh5 Qxb6 26. Qe3 Qd6 27. Qg5 Rh8 0-1